000 00922cam a22003013a 4500
001 8958
003 PGUSA
005 20140828083206.0
008 050901s2005||||xxu|||||s|||||000 1 eng d
040 _aPGUSA
_beng
042 _adc
050 4 _aPS
100 1 _aWharton, Edith,
_d1862-1937
245 1 4 _aThe Age of Innocence
_h[electronic resource] /
_cEdith Wharton
260 _bProject Gutenberg,
_c2005
506 _aCopyrighted. Read the copyright notice inside this book for details.
516 _aElectronic text
653 _aMarried people -- Fiction
653 _aUpper class -- Fiction
653 _aTriangles (Interpersonal relations) -- Fiction
653 _aDomestic fiction
653 _aLove stories
653 _aSeparated people -- Fiction
653 _aNew York (N.Y.) -- Fiction
830 0 _aProject Gutenberg
_v8958
856 4 0 _uhttp://www.gutenberg.org/ebooks/8958
942 _cAB
999 _c238242
_d238242